Zdravotní pojištění doporučeno ke studiu
Salvato in:
| Autore principale: | |
|---|---|
| Altri autori: | |
| Natura: | Libro |
| Lingua: | ceco |
| Pubblicazione: |
Praha
LINDE nakladatelství s.r.o.
2003
|
| Soggetti: | |
| Tags: |
Nessun Tag, puoi essere il primo ad aggiungerne!!
|
MARC
| LEADER | 00000nam$a2200000$$$4500 | ||
|---|---|---|---|
| 001 | 0021559 | ||
| 005 | 20240306141753.6 | ||
| 020 | |a 80-86131-46-7 | ||
| 041 | 0 | |a cze | |
| 044 | |a CZ | ||
| 245 | 1 | 0 | |a Zdravotní pojištění |b doporučeno ke studiu |c Antonín Daněk, Jiří Glet |
| 264 | 1 | |a Praha |b LINDE nakladatelství s.r.o. |c 2003 | |
| 300 | |a 95 s. | ||
| 610 | 2 | 0 | |a poistenie zdravotné |
| 610 | 2 | 0 | |a poisťovne zdravotné |
| 610 | 2 | 0 | |a poistenci |
| 610 | 2 | 0 | |a poistné |
| 610 | 2 | 0 | |a povinnosti zamestnávateľov |
| 100 | 1 | |a Daněk, Antonín | |
| 700 | 1 | |a Glet, Jiří | |